000 00835cam a2200241 4500
008 000000n2001 000 0 eng u
020 _a1841741310
035 _a(Sirsi) u105384
050 _a346.4104343
100 _aHewitson, Russell
245 _aBusiness tenancies.
260 _aLondon
_bBlackstone Press
_c2001
300 _axxxiii,489p. ; 22cm.
350 _a45.95
490 _aBlackstone's Landlord & Tenant Series
520 _aA guide to the law and procedure of renewing business tenancies under Part II of the Landlord and Tenant Act 1954. Includes case law.
520 _aSuperceded by later edition 2005 (ISBN: 185941897).
650 _aBUSINESS LEASES
650 _aLANDLORD AND TENANT ACT 1954 PART II
650 _aCROWN TENANCIES
690 _aLANDLORD AND TENANT-BUSINESS TENANCIES
942 _n0
999 _c100376
_d100376